Singularia (Registro nro. 66055)

Detalles MARC
000 -ENCABEZADO
Número de control [NR] 01840nam a2200289Ia 4500
005 - FECHA Y HORA DE LA ÚLTIMA TRANSACCIÓN
control field 20150819143659.0
008 - DE LONGITUD FIJA DE DATOS DE ELEMENTOS - INFORMACIÓN GENERAL
Elementos de longitud fija [NR] 130821s1533 fr fr latsd
040 ## - FUENTE DE CATALOGACION [NR]
Agencia de catalogación original [NR] Co-BoUCM
Idioma de catalogación [NR] spa
Quien Cataloga Sandra Yazo (modificó)
Quien Clasifica Sandra Yazo (modificó)
041 0# - CODIGO DE IDIOMA [R]
Código de idioma para texto/pista de sonido o título separado [R] Latín
082 04 - NUMERO DE CLASIFICACION DECIMAL DEWEY [R]
Número de clasificación [R] 340.5
Número de la edición [NR] 20
092 ## - SIGNATURA TOPOGRAFICA LOCAL
Número de clasificación local E01N082
100 1# - ASIENTO PRINCIPAL--NOMBRE PERSONAL [NR]
Nombre personal [NR] La Pape, Guy de,
Fechas asociadas con el nombre [NR] approximately 1402-approximately 1487
ID Autoridad 70834
242 00 - TRADUCCION DEL TITULO POR LA AGENCIA CATALOGADORA [R]
Título [NR] Dictámenes especiales
Mención de responsabilidad, etc. [NR] Del muy famoso señor Guido La Pape
Código de idioma del título traducido [NR] spa
245 10 - MENCION DE TITULO [NR]
Título [NR] Singularia
Mención de responsabilidad, etc. [NR] Celeberrimi viri domini Guidonis Papae ...
260 ## - PUBLICACION, DISTRIBUCION, ETC. (PIE DE IMPRENTA) [R]
Lugar de publicación, distribución, etc. [R] Excu. Ludguni [Lyon] (Francia)
Nombre del editor, distribuidor, etc. [R] Ex officina Nicolai Petit et Hectoris Penet [En los talleres de Nicolás Petit y Héctor Penet]
Fecha de publicación, distribución, etc. [R] 1533
300 ## - DESCRIPCION FISICA [R]
Extensión [R] [56] páginas, 113 folios
Dimensiones [R] 17 x 12 cm.
500 ## - NOTA GENERAL [R]
Nota general [NR] Detalles físicos: Encuadernación flexible en pergamino. Tapas y lomo con roturas, arrugas y manchas. Guardas desprendidas, rotas, con varias anotaciones manuscritas antiguas. Portada impresa en dos tintas. Texto impreso en una y dos columnas, con caracteres góticos. Mayúsculas capitales. Párrafos numerados. Apostillas marginales. Signaturas y reclamos. Colofón y registro de cuadernillos al final. Varios subrayados y anotaciones manuscritas. Perforaciones de insectos
506 ## - NOTA DE RESTRICCIONES DE ACCESO [R]
Condiciones de acceso [NR] Consulta en sala
520 ## - NOTA DE RESUMEN, ETC. [R]
Nota de sumario, etc. [NR] Conceptos del autor sobre los más variados temas de ambos derechos (civil y eclesiástico)
546 ## - NOTA DE IDIOMA [R]
Nota de idioma [NR] Texto en latín
650 #7 - ASIENTO SECUNDARIO DE MATERIA - TERMINO TEMATICO [R]
Término temático o nombre geográfico como elemento de entrada [NR] Derecho canónico
Subdivisión general [R] Obras anteriores a 1800
9 (RLIN) 29726
650 #7 - ASIENTO SECUNDARIO DE MATERIA - TERMINO TEMATICO [R]
Término temático o nombre geográfico como elemento de entrada [NR] Derecho civil
Subdivisión general [R] Obras anteriores a 1800
9 (RLIN) 29560
653 ## - TERMINO DE INDIZACION - NO CONTROLADO [R]
Término de indización no controlado [R] Ambos derechos
690 ## - ASUNTO AGREGADO LOCAL DE ENTRADA - TÉRMINO TEMÁTICO (OCLC, RLIN)
9 (RLIN) 42766
Acceso temático local Derecho civil
856 41 - LOCALIZACION Y ACCESO ELECTRONICOS [R]
Nota dirigida al público [R] Disponible en línea
Identificador Uniforme del Recurso (“URI”) [R] <a href="http://books.google.com.co/books?id=zcxRAAAAcAAJ&printsec=frontcover&dq=Singularia+1533&hl=es&sa=X&ei=kUumUN-zMu3liwLv4IDgDQ&redir_esc=y#v=onepage&q&f=false">http://books.google.com.co/books?id=zcxRAAAAcAAJ&printsec=frontcover&dq=Singularia+1533&hl=es&sa=X&ei=kUumUN-zMu3liwLv4IDgDQ&redir_esc=y#v=onepage&q&f=false</a>
942 ## - ELEMENTOS DE ENTRADA AGREGADOS (KOHA)
Tipo de ítem principal el descrito en 300a Libro
Tema principal 8
Edición 1
Sistema de clasificación LOCAL
Clasificación E01N082
Existencias
Suprimido Perdido Sistema de clasificación Dañado No prestable Tipo de ítem específico Ubicación habitual Ubicación actual Localización Fecha de creación Forma de adquisición Costo Total préstamos Signatura topográfica Código de barras Última vez visto Ejemplar Price effective from Tipo de ítem
    LOCAL     Libro archivo Archivo Histórico Archivo Histórico Archivo histórico 28/02/2013 Donación 0.00   E01N082 L000173 15/12/2012 Ej.1 03/02/2013 Libro